000 00776aam a2200253 i 4500
001 187564
003 ES-MaACL
005 20250903005842.0
008 171129b2007 sp |||| | spa d
020 _a978-84-96808-83-6
080 _a517
100 1 _aGuénon, René,
_d1886-1951
_960441
245 1 4 _aLos principios del cálculo infinintesimal /
_cRené Guenón ; [traducción, Pedro Rodea].
250 _a1ª ed.
260 _aMadrid :
_bSanz y Torres,
_c2007.
300 _a187 p. ;
_c21 cm.
490 1 _aIgnitus
650 7 _aCálculo
_2embne
_910668
700 1 _aRodea, Pedro.
_9163858
830 0 _aIgnitus
_9192800
852 _aES-MaACL
_jA-14093
_9194650
_bR.151485
_cDEPO1
_dOlim: N-7093
942 _2udc
_cMONOGRAFIA
999 _c187564
_d187564